000 00678nam a22002057a 4500
005 20250327142347.0
010 _aENG-144297
020 _a9788176393973
_c590.00
035 _aEN-127829
037 _bDBAD
082 _a612
_21
100 _aKumar Jain, Akalank
_979973
245 _aUnified Building Bye Laws For Delhi 2016 Delhi Building Bye LAws 2016/
_cAkalank Kumar Jain [and] assisted by Vidhi Jain
250 _a1
260 _aDelhi
_bAkalank Publications
_c2022
270 _a3622, Mori Gate
_bDelhi
_e110006
_minfo@akalank.in
_makalankjain@gmail.com
300 _a244p.
_c28cm(pb)
700 _979478
_aVidhi Jain
942 _2ddc
_cEN
_mJAI
_h612
999 _c210545
_d210545